Fragments d'architecture antique: d'apres les releves and restaurations des anciens pensionnaires de l'academie de France a Rome
保存先:
| 第一著者: | |
|---|---|
| フォーマット: | 図書 |
| 言語: | フランス語 |
| 出版事項: |
París
Charles Massin
1905
|
| 主題: | |
| タグ: |
タグ追加
タグなし, このレコードへの初めてのタグを付けませんか!
|
MARC
| LEADER | 00000nam a2200000 a 4500 | ||
|---|---|---|---|
| 001 | UCY4254 | ||
| 003 | CL-VaPUC | ||
| 008 | 950306e19050000FR |||||||||||||||||fre|d | ||
| 082 | 0 | 4 | |a 722 |b DES |2 21 |
| 100 | 0 | |a D'Espouy, H |e author |9 332652 | |
| 245 | 1 | 0 | |a Fragments d'architecture antique: d'apres les releves and restaurations des anciens pensionnaires de l'academie de France a Rome |
| 300 | |a 2 v | ||
| 942 | |c BK | ||
| 945 | |d 19950306 00:00:00 |a mfernand | ||
| 260 | |a París |b Charles Massin |c 1905 | ||
| 500 | |a Los volumenes lo constituyen láminas sueltas | ||
| 650 | 0 | |a Arquitectura clásica |9 332653 | |
| 650 | 7 | |a DISEÑOS Y PLANOS |2 CL-VaPUC |9 262672 | |
| 650 | 7 | |a TEMPLOS GRIEGOS, EGIPCIOS, ETC |2 CL-VaPUC |9 332654 | |
| 583 | |a last modification |c 19950306 00:00:00 |k Rodrigo Vera | ||
| 999 | |c 232157 |d 232155 | ||
| 952 | |0 0 |1 0 |4 0 |6 722_000000000000000_DES_1905 |7 0 |8 F |9 236243 |a BIBARQ |b BIBARQ |d 2019-11-15 |h v.1 |i 3062120 |o 722 DES 1905 |p 3062120 |r 2025-01-20 |w 2019-11-15 |y BK_F |k ARQ | ||
| 952 | |0 0 |1 0 |4 0 |6 722_000000000000000_DES_1905 |7 0 |8 F |9 236244 |a BIBARQ |b BIBARQ |d 2019-11-15 |h v.2 |i 3062139 |o 722 DES 1905 |p 3062139 |r 2025-01-20 |w 2019-11-15 |y BK_F |k ARQ | ||